Club ayant remporté la LDC depuis 2015 - Statistiques

Statistiques générales
  • Ce quiz a été pris 398 fois
  • Le résultat moyen est 10 sur 10
Statistiques - réponses
ANNEES CLUBS % Correct
2023 manchester city
99%
2024 real madrid
99%
2022 real madrid
99%
2018 real madrid
99%
2017 real madrid
99%
2016 real madrid
99%
2015 barcelone
93%
2019 liverpool
93%
2020 bayern munich
91%
2021 chelsea
91%
Aucun quiz correspondant
Distribution des résultats
% des personnes avec chaque résultat
Percentile par nombre de réponses
Votre historique - résultats
Vous n’avez pas pris ce quiz